000
00262nam a22001217a 4500
008
181102b xxu||||| |||| 00| 0 eng d
041
_a
eng
080
_a
611.085
100
_a
9
101
_a
HIST
245
_a
A Textbook of Histology
_c
Bloom
942
_2
udc
_c
BK
999
_c
51743
_d
51743